Principles of network and system administration

This little book will improve all three. Principles of Network and System Administration is neither big nor flashy, but it is probably one of the best works in the genre. It builds on an extensive body of work by others in the field and pulls the information together in such a way that the material...

Fuld beskrivelse

Đã lưu trong:
Bibliografiske detaljer
Hovedforfatter: Burgess, Mark
Format: Bog
Sprog:Undetermined
Udgivet: Hoboken, NJ. Wiley 2003
Fag:
Tags: Tilføj Tag
Ingen Tags, Vær først til at tagge denne postø!
Thư viện lưu trữ: Trung tâm Học liệu Trường Đại học Cần Thơ
LEADER 00950nam a2200205Ia 4500
001 CTU_146731
008 210402s9999 xx 000 0 und d
020 |c 66.37 
082 |a 005.43 
082 |b B955 
100 |a Burgess, Mark 
245 0 |a Principles of network and system administration 
245 0 |c Mark Burgess 
260 |a Hoboken, NJ. 
260 |b Wiley 
260 |c 2003 
520 |a This little book will improve all three. Principles of Network and System Administration is neither big nor flashy, but it is probably one of the best works in the genre. It builds on an extensive body of work by others in the field and pulls the information together in such a way that the material is easily comprehended and absorbed. Burgess' writing is clear and engaging, something few textbooks achieve. 
650 |a Computer networks,Computer systems 
650 |x Management 
980 |a Trung tâm Học liệu Trường Đại học Cần Thơ